Centrum zdravia - Jarovce
Saved in:
| Main Author: | |
|---|---|
| Other Authors: | |
| Format: | Manuscript Book |
| Language: | Slovak |
| Published: |
2024
|
| Subjects: | |
| Online Access: | http://is.stuba.sk/zp/portal_zp.pl?podrobnosti=161750 |
| Tags: |
No Tags, Be the first to tag this record!
|
MARC
| LEADER | 00000ntm a22000003a 4500 | ||
|---|---|---|---|
| 001 | stuzp99769 | ||
| 003 | SK-STU | ||
| 005 | 20240615211551.0 | ||
| 007 | ta | ||
| 008 | 150427s2015----xo-----f-mn---000-0-slo-d | ||
| 040 | |a STU |b slo | ||
| 041 | 0 | |a slo | |
| 100 | 1 | |a Filipová, Petra |u 051110 |4 aut |U FAD Fakulta architektúry a dizajnu |T FAD Ústav architektúry obytných budov |X 110021 |U A1110 |Y 392 |7 110021 | |
| 242 | 0 | 1 | |a Health Centre - Jarovce |y eng |
| 245 | 1 | 0 | |a Centrum zdravia - Jarovce |
| 260 | |c 2024 | ||
| 650 | 4 | |a zeleň |2 slo | |
| 650 | 4 | |a Bratislava |2 slo | |
| 650 | 4 | |a udržateľná architektúra |2 slo | |
| 650 | 4 | |a centrum zdravia |2 slo | |
| 650 | 4 | |a Bratislava |2 eng | |
| 650 | 4 | |a health center |2 eng | |
| 650 | 4 | |a sustainable architecture |2 eng | |
| 650 | 4 | |a greenery |2 eng | |
| 700 | 1 | |a Majcher, Stanislav |u 051110 |k Z1 |4 ths |U FAD Fakulta architektúry a dizajnu |T FAD Ústav architektúry obytných budov |X 4410 |U A1110 |Y 392 |7 A000004410 | |
| 856 | 4 | |u http://is.stuba.sk/zp/portal_zp.pl?podrobnosti=161750 | |